[Event "Morava-ch U14"]
[Site "Loucna nad Desnou"]
[Date "2017.10.27"]
[Round "7"]
[White "Nedela, Adam"]
[Black "Novak, Tomas O"]
[Result "1-0"]
[WhiteElo "1450"]
[BlackElo "1145"]
[PlyCount "135"]
[EventDate "2017.10.24"]
[EventType "swiss"]
[EventRounds "9"]
[EventCountry "CZE"]
[SourceTitle "EXT 2020"]
[Source "ChessBase"]
[SourceDate "2019.10.17"]
[SourceVersion "1"]
[SourceVersionDate "2019.10.17"]
[SourceQuality "1"]

1. Nf3 d5 2. g3 e6 3. Bg2 c6 4. 0-0 Bd6 5. Nc3 Nf6 6. d3 h6 7. e4 Nbd7 8. Re1 0-0 9. e5 Nxe5 10. Nxe5 Bb4 11. Bd2 Qd6 12. Nf3 b6 13. Ne2 Bb7 14. Bxb4 Qxb4 15. b3 Rac8 16. Qd2 Qd6 17. Rad1 Rfe8 18. c4 Qc5 19. Rc1 Qd6 20. Nc3 Ba6 21. Qe3 Red8 22. Qe5 Qe7 23. Qe2 Qd6 24. Nb1 Bb7 25. cxd5 cxd5 26. Qd2 Ba6 27. Rxc8 Rxc8 28. d4 Ne4 29. Qb2 Bd3 30. Rc1 Qd7 31. Ne5 Rxc1+ 32. Qxc1 Qb5 33. Nxd3 Qxd3 34. Qb2 Nd6 35. Na3 a6 36. Bf1 Qd1 37. Qc2 Qxd4 38. Bxa6 e5 39. Nb5 Qa1+ 40. Kg2 Nxb5 41. Bxb5 d4 42. Bd3 Qc3 43. Qxc3 dxc3 44. Kf3 b5 45. Ke4 f6 46. Kd5 Kf7 47. f3 Ke7 48. Be4 Kd7 49. h4 h5 50. g4 hxg4 51. fxg4 Ke7 52. Kc5 Ke6 53. Kxb5 g6 54. Kc4 f5 55. gxf5+ gxf5 56. Bc2 f4 57. Kxc3 f3 58. Kd2 Kd5 59. Ke3 f2 60. Kxf2 e4 61. h5 Kd4 62. Bxe4 Kxe4 63. h6 Kd3 64. h7 Kc2 65. h8Q Kb1 66. b4 Kxa2 67. Qc3 Kb1 68. Qd2 1-0

[Event "CZE-ch U10"]
[Site "Kouty nad Desnou"]
[Date "2015.03.10"]
[Round "5"]
[White "Nedela, Adam"]
[Black "Jares, Michal"]
[Result "0-1"]
[WhiteElo "1182"]
[BlackElo "1308"]
[PlyCount "80"]
[EventDate "2015.03.07"]
[EventType "swiss"]
[EventRounds "9"]
[EventCountry "CZE"]
[SourceTitle "EXT 2017"]
[Source "ChessBase"]
[SourceDate "2016.10.25"]
[SourceVersion "1"]
[SourceVersionDate "2016.10.25"]
[SourceQuality "1"]

1. c4 e5 2. Nc3 Nf6 3. g3 Nc6 4. Bg2 Bc5 5. e3 d6 6. Nge2 0-0 7. 0-0 Bd7 8. d4 exd4 9. exd4 Bb6 10. d5 Ne5 11. b3 Nfg4 12. Nd4 Nf6 13. Bb2 Qc8 14. Ne4 Bh3 15. Nxf6+ gxf6 16. Qh5 Bxg2 17. Kxg2 Qg4 18. Qxg4+ Nxg4 19. h3 Ne5 20. Nf5 h5 21. Rfe1 Nd3 22. Re2 Nxb2 23. Rxb2 Kh7 24. g4 Rg8 25. Rh1 Rae8 26. Kf1 Re5 27. Re2 Bc5 28. Rxe5 fxe5 29. gxh5 Rg5 30. Ne7 Rxh5 31. h4 f5 32. Kg2 Kg7 33. Kg3 Kf7 34. Nxf5 Rxf5 35. Kg4 Rf4+ 36. Kg5 Rxf2 37. Kh6 Rf5 38. h5 Be3+ 39. Kh7 Rf6 40. h6 Bf4 0-1

[Event "CZE-ch U10"]
[Site "Kouty nad Desnou"]
[Date "2015.03.09"]
[Round "3"]
[White "Nedela, Adam"]
[Black "Gres, Michal"]
[Result "1-0"]
[WhiteElo "1182"]
[BlackElo "1267"]
[PlyCount "51"]
[EventDate "2015.03.07"]
[EventType "swiss"]
[EventRounds "9"]
[EventCountry "CZE"]
[SourceTitle "EXT 2017"]
[Source "ChessBase"]
[SourceDate "2016.10.25"]
[SourceVersion "1"]
[SourceVersionDate "2016.10.25"]
[SourceQuality "1"]

1. c4 e5 2. Nc3 Nf6 3. g3 d5 4. b3 Nc6 5. Bg2 Be6 6. e3 dxc4 7. bxc4 Bxc4 8. Nge2 Bc5 9. 0-0 0-0 10. Re1 Nb4 11. Bxb7 Rb8 12. Bg2 Nd3 13. Rf1 Qc8 14. Qa4 Rb4 15. Qc2 Qa6 16. Ne4 Nd7 17. Qc3 f5 18. Nxc5 N7xc5 19. Ba3 Ra4 20. Bxc5 Nxc5 21. Rfe1 Ra3 22. Qb4 Nd3 23. Qe7 Nxe1 24. Rxe1 Bxe2 25. Bd5+ Kh8 26. Qxf8# 1-0